Anagrammes de pays par nombre - Statistiques

Statistiques générales
  • Ce quiz a été pris 82 fois
  • Le résultat moyen est 8 sur 9
Statistiques - réponses
Hint Réponse % Correct
1 ADORNER AGONAL HIBERNA BELIEZ UBAC TENOISE LINDANE BIGAME GERCE HIAIT RANI LANDIER ALDINES ELIAIT BILAN VALDISME MACRO AMUIRAIENT AMIBIEN NOMA SALOPA ISSUES TANGO TIQUEUR ABIMEZ ANDORRE/ANGOLA/BAHREIN/BELIZE/CUBA/ESTONIE/FINLANDE/GAMBIE/GRECE/HAITI/IRAN/IRLANDE /ISLANDE/ITALIE/LIBAN/MALDIVES/MAROC/MAURITANIE/NAMIBIE/OMAN/PALAOS/SUISSE/TONGA TURQUIE/ZAMBIE
93%
2 CHUTERAI RECHUTAI
SUINTATES
SUSTENTAI
DENI
DINE
LOAS
OLAS ETOILENT ETIOLENT
BILERAI
LIBERAI LIMA MAIL MELAT METAL
GAINIER
INGERAI
AUMONIER
ROUMAINE
CHIQUETE
HECTIQUE INUITES INUSITE
AUTRICHE/ ETATS-UNIS/INDE/LAOS/LETTONIE/LIBERIA/MALI/MALTE/NIGERIA/ROUMANIE/TCHEQUIE/TUNISIE
93%
3
CHENI
CHIEN
CHINE
NICHE
CAIROTE
COITERA
COTERAI
AGENDER
DEGENRA
DERANGE ASIALIE ELIMAIS MALAISE
Chine/Croatie/Grenade/Malaisie
93%
4
NAPEL
PANEL
PENAL
PLANE RESSUI REUSSI SIEURS SURIES
BIERES
IBERES
BRIEES
BRISEE
ELEVIONS
NOVELISE
ENVOILES
NIVEOLES
Népal/Russie/Serbie/Slovénie
93%
8
ELARGIE
ELEGIRA
GALERIE
GELERAI
GLAIREE
LIEGERA
REGELAI
RELIAGE
Algérie
88%
7 ANEMIER MANIERE MARINEE MENERAI RANIMEE REANIME REMANIE Arménie
78%
9
ELIRAS
LIERAS
LISERA
RELAIS
RELIAS
RESALI
SERAIL
SERIAL
SILERA
Israël
78%
6 AGNELES GALENES GENALES GLANEES LANGEES SANGLEE Sénégal
77%
5 BINEUR BRUINE BRUNIE BURINE RUBINE Brunei
69%
Aucun quiz correspondant
Distribution des résultats
% des personnes avec chaque résultat
Percentile par nombre de réponses
Votre historique - résultats
Vous n’avez pas pris ce quiz